000 00992cab a2200373 4500
001 ABS55975
008 090401t1996 xxu||||| |||| 00| 0 eng d
035 _a(Sirsi) u20219
041 _aeng
100 _aHaines, R.
245 _aFinding the money
260 _c1996
350 _a0
490 _aNew Review
_v(30) November 1996, 4-5(2)
520 _aConsiders various options for financing renewable energy projects in Europe.
650 _aDEVELOPMENT CAPITAL
650 _aENERGY SERVICE COMPANIES
650 _aFINANCING
650 _aGRANTS
650 _aHYDRO POWER
650 _aJOINT VENTURES
650 _aPERSONAL RESERVES
650 _aPROJECT FINANCING
650 _aRENEWABLE ENERGY
650 _aSEED CAPITAL
650 _aSUBSIDIES
650 _aVENTURE CAPITAL
650 _aWASTE INCINERATION
650 _aWIND FARMS
690 _aENVIRONMENTAL AND LAND CONSULTANCY-ENERGY
700 _aImrie, S.
942 _n0
948 _c04/03/1997
999 _c13550
_d13550